Digital telephony (Record no. 3592)

000 -LEADER
fixed length control field 00571nam a2200217 a 4500
001 - CONTROL NUMBER
control field 3592
003 - CONTROL NUMBER IDENTIFIER
control field BD-DhUET
008 - FIXED-LENGTH DATA ELEMENTS--GENERAL INFORMATION
fixed length control field 900501s1991 nyua b 001 0 eng
020 ## - INTERNATIONAL STANDARD BOOK NUMBER
International Standard Book Number 0471620564
040 ## - CATALOGING SOURCE
Original cataloging agency DLC
Transcribing agency DLC
Modifying agency BD-DhUET
082 ## - DEWEY DECIMAL CLASSIFICATION NUMBER
Classification number 623.85
Item number BEL/1991
100 ## - MAIN ENTRY--PERSONAL NAME
Personal name Bellamy, John
245 10 - TITLE STATEMENT
Title Digital telephony
250 ## - EDITION STATEMENT
Edition statement 2nd ed.
260 ## - PUBLICATION, DISTRIBUTION, ETC. (IMPRINT)
Place of publication, distribution, etc. New York
Name of publisher, distributor, etc. John wiley & sons
Date of publication, distribution, etc. 1991
300 ## - PHYSICAL DESCRIPTION
Extent xix, 572 p.
Other physical details ill.
Dimensions 25 cm.
490 ## - SERIES STATEMENT
Series statement Wiley Series in telecommunications
504 ## - BIBLIOGRAPHY, ETC. NOTE
Bibliography, etc Includes bibliographies
650 #0 - SUBJECT ADDED ENTRY--TOPICAL TERM
Topical term or geographic name as entry element Digital telephony
942 ## - ADDED ENTRY ELEMENTS (KOHA)
Koha item type General Book
Holdings
Copy number Price effective from Date acquired Withdrawn status Koha date last seen Source of classification or shelving scheme Koha full call number Not for loan Koha issues (times borrowed) Location (home branch) Koha normalized classification for sorting Piece designation (barcode) Koha date last borrowed Shelving location Koha item type Damaged status Sublocation or collection (holding branch) Lost status
12014-11-022014-11-02 2016-02-06 623.85/BEL/1991 2Central Library, BUET623_000000000000000_85BEL1991836182015-10-10Circulation sectionGeneral Book Central Library, BUET 
22014-11-022014-11-02 2017-08-26 623.85/BEL/1991  Central Library, BUET623_000000000000000_85BEL199183620 Circulation sectionGeneral Book Central Library, BUET 
32014-11-022014-11-02 2017-08-16 623.85/BEL/1991  Central Library, BUET623_000000000000000_85BEL199183623 Circulation sectionGeneral Book Central Library, BUET 
42014-11-022014-11-02 2024-02-20 623.85/BEL/1991 2Central Library, BUET623_850000000000000_BEL_1991863392023-03-07Circulation sectionGeneral Book Central Library, BUET 
52015-07-012015-07-01 2015-07-01 623.85/BEL/1991  Central Library, BUET623_850000000000000_BEL_199187594 Reading sectionReading Item Central Library, BUET 
ক-১2024-12-091992-06-06 2024-12-09 623.85 BEL/1991  Central Library, BUET623_850000000000000_BEL_199183563 Rental sectionRental Item Central Library, BUET 
ক-২2024-12-091992-06-06 2024-12-09 623.85 BEL/1991  Central Library, BUET623_850000000000000_BEL_199183564 Rental sectionRental Item Central Library, BUET 
ক-৩2024-12-091992-06-06 2024-12-09 623.85 BEL/1991  Central Library, BUET623_850000000000000_BEL_199183565 Rental sectionRental Item Central Library, BUET 
ক-৪2024-12-091992-06-06 2024-12-09 623.85 BEL/1991  Central Library, BUET623_850000000000000_BEL_199183566 Rental sectionRental Item Central Library, BUET 
ক-৫2024-12-091992-06-06 2024-12-09 623.85 BEL/1991  Central Library, BUET623_850000000000000_BEL_199183567 Rental sectionRental Item Central Library, BUET 
ক-৬2024-12-091992-06-06 2024-12-09 623.85 BEL/1991  Central Library, BUET623_850000000000000_BEL_199183568 Rental sectionRental Item Central Library, BUET 
ক-৭2024-12-091992-06-06 2024-12-09 623.85 BEL/1991  Central Library, BUET623_850000000000000_BEL_199183569 Rental sectionRental Item Central Library, BUET 
ক-৮2024-12-091992-06-06 2024-12-09 623.85 BEL/1991  Central Library, BUET623_850000000000000_BEL_199183570 Rental sectionRental Item Central Library, BUET 
ক-৯2024-12-091992-06-06 2024-12-09 623.85 BEL/1991  Central Library, BUET623_850000000000000_BEL_199183571 Rental sectionRental Item Central Library, BUET 
ক-১০2024-12-091992-06-06 2024-12-09 623.85 BEL/1991  Central Library, BUET623_850000000000000_BEL_199183572 Rental sectionRental Item Central Library, BUET 
ক-১১2024-12-091992-06-06 2024-12-09 623.85 BEL/1991  Central Library, BUET623_850000000000000_BEL_199183573 Rental sectionRental Item Central Library, BUET 
ক-১২2024-12-091992-06-06 2024-12-09 623.85 BEL/1991  Central Library, BUET623_850000000000000_BEL_199183574 Rental sectionRental Item Central Library, BUET 
ক-১৩2024-12-091992-06-06 2024-12-09 623.85 BEL/1991  Central Library, BUET623_850000000000000_BEL_199183575 Rental sectionRental Item Central Library, BUET 
ক-১৪2024-12-091992-06-06 2024-12-09 623.85 BEL/1991  Central Library, BUET623_850000000000000_BEL_199183576 Rental sectionRental Item Central Library, BUET 
ক-১৫2024-12-091992-06-06 2024-12-09 623.85 BEL/1991  Central Library, BUET623_850000000000000_BEL_199183577 Rental sectionRental Item Central Library, BUET